000 00354nam a22001697a 4500
003 UA-OsUOA
001 1680
007 ta
008 20050721b un ||||| |||| 00| 0 ukr d
100 _aEllin
700 _aStanley
942 _cBK
040 _aUA-OsUOA
_cUA-OsUOA
_dUA-OsUOA
245 _aThe Valentine Estate
_bFiction
955 _a2
650 7 _2UDC
999 _c287842
_d287842